Library Catalog

The Future of Christology : (Record no. 492081)

MARC details
000 -LEADER
fixed length control field 01083nam a22002417a 4500
003 - CONTROL NUMBER IDENTIFIER
control field OSt
005 - DATE AND TIME OF LATEST TRANSACTION
control field 20260409145310.0
008 - FIXED-LENGTH DATA ELEMENTS--GENERAL INFORMATION
fixed length control field 260409b |||||||| |||| 00| 0 eng d
020 ## - INTERNATIONAL STANDARD BOOK NUMBER
International Standard Book Number 9789914508727
040 ## - CATALOGING SOURCE
Original cataloging agency Kenya National Library Service
082 ## - DEWEY DECIMAL CLASSIFICATION NUMBER
Classification number 232 WAF
100 ## - MAIN ENTRY--PERSONAL NAME
Personal name Wafula, Robert O.,
Relator term author.
245 ## - TITLE STATEMENT
Title The Future of Christology :
Remainder of title an expanded view of our place in the universe and its relevance for the third millennium /
Statement of responsibility, etc. Robert O. Wafula.
300 ## - PHYSICAL DESCRIPTION
Extent xxii, 599 pages :
Other physical details illustrations ;
Dimensions 25 cm.
500 ## - GENERAL NOTE
General note Author holds a doctoral degree (PhD).
520 ## - SUMMARY, ETC.
Summary, etc. A theological exploration of Christology that examines the nature and role of Jesus Christ within a broader cosmological and philosophical framework, emphasizing humanity's place in the universe and the relevance of Christological thought in the third millennium.
650 ## - SUBJECT ADDED ENTRY--TOPICAL TERM
Topical term or geographic name entry element Christology.
650 ## - SUBJECT ADDED ENTRY--TOPICAL TERM
Topical term or geographic name entry element Theology, Doctrinal.
650 ## - SUBJECT ADDED ENTRY--TOPICAL TERM
Topical term or geographic name entry element Philosophy and religion.
942 ## - ADDED ENTRY ELEMENTS (KOHA)
Source of classification or shelving scheme Dewey Decimal Classification
Koha item type Books
Suppress in OPAC No
Holdings
Withdrawn status Source of classification or shelving scheme Damaged status Not for loan Collection Home library Current library Shelving location Date acquired Source of acquisition Cost, normal purchase price Total checkouts Full call number Barcode Date last seen Price effective from Koha item type
  Dewey Decimal Classification     Legal Deposit Preservation, Conservation & Publication Preservation, Conservation & Publication   04/09/2026 LEG 6000.00   232 WAF B233894 04/09/2026 04/09/2026 Books
  Dewey Decimal Classification     Legal Deposit Preservation, Conservation & Publication Preservation, Conservation & Publication   04/09/2026 LEG 6000.00   232 WAF B233892 04/09/2026 04/09/2026 Books

© 2025, Kenya National Library Service | Designed & Maintained by Uvumbuzi Center